000 00257nam a22001097a 4500
008 170123b xxu||||| |||| 00| 0 eng d
020 _a9780323026574
041 _aeng
080 _25TH
_a618.2
245 _aCRITICAL CARE NURSING
_cBAIRD, M.S
942 _2udc
_cBK
999 _c3367
_d3367